01767nam a2200241Ia 450000500170000000800410001702000180005804000580007604100080013410000250014224000380016724501260020526000650033130000210039649000380041750508930045565000340134865000230138265000160140565000270142165000300144870000470147820211110133317.0130821s2012 xxu frn 001 0 eng  a9780231147088 aCO-BoUCMbspacAngélica Rojas (modificó)d[Nuevo]00aeng1 aForst, Rainerd1964-10aRecht auf RechtfertigunglEnglish14aThe right to justification elements of a constructivist theory of justicecRainer Forst ; traducción por Jeffrey Flynn aNueva York (Estados Unidos)bColumbia University Pressc2012 ax, 351 páginas0 aNew Directions in Critical Theory aIntroduction: the foundation of justice -- Practical reason and justifying reasons: on the foundation of morality -- Moral autonomy and the autonomy of morality: toward a theory of normativity after Kant -- Ethics and morality -- The justification of justice: Rawls's political liberalism and Habermas's discourse theory in dialogue -- Political liberty: integrating five conceptions of autonomy -- A critical theory of multicultural toleration -- The rule of reasons: three models of deliberative democracy -- Social justice, justification, and power -- The basic right to justification: toward a constructivist conception of human rights -- Constructions of transnational justice: comparing John Rawls's the law of peoples and Otfried Hoffe's democracy in an age of globalisation -- Justice, morality, and power in the global context -- Toward a critical theory of transnational justice 7aConstructivismo (Filosofía) 7aÉtica política 7aFilosofía 7aJusticia (Filosofía) 7aJustificación (Ética)1 aFlynn, Jeffreyq(Jeffrey Regan)etraductor